000 00357nam a2200145Ia 4500
008 230917s9999||||xx |||||||||||||| ||und||
040 _e203104
_aMAIN
041 _aEnglish
082 _a338.4791 B855A
100 _aBuckley, Ralf
245 0 _aAdventure tourism
260 _aWallingford
_bCAB International
_c2006
300 _axx, 515 p.
942 _cBK
999 _c172293
_d172293